| 000 -LEADER |
| fixed length control field |
02196nam a22003617a 4500 |
| 001 - CONTROL NUMBER |
| control field |
21346 |
| 003 - CONTROL NUMBER IDENTIFIER |
| control field |
BD-DhUAP |
| 005 - DATE AND TIME OF LATEST TRANSACTION |
| control field |
20211226113700.0 |
| 008 - FIXED-LENGTH DATA ELEMENTS--GENERAL INFORMATION |
| fixed length control field |
100622s2009 it a b 000 0 eng d |
| 020 ## - INTERNATIONAL STANDARD BOOK NUMBER |
| International Standard Book Number |
9788861306806 |
| 040 ## - CATALOGING SOURCE |
| Original cataloging agency |
BD-DhUAP |
| Transcribing agency |
BD-DhUAP |
| Modifying agency |
eng. |
| Language of cataloging |
BD-DhUAP |
| Description conventions |
BD-DhUAP |
| 082 00 - DEWEY DECIMAL CLASSIFICATION NUMBER |
| Classification number |
727.600092 AND |
| Edition number |
22 |
| 100 1# - MAIN ENTRY--PERSONAL NAME |
| Personal name |
Andō, Tadao. |
| Dates associated with a name |
1941- |
| 245 10 - TITLE STATEMENT |
| Title |
Tadao Ando : |
| Remainder of title |
museums / |
| Statement of responsibility, etc. |
edited by Luca Molinari. |
| 246 30 - VARYING FORM OF TITLE |
| Title proper/short title |
Museums |
| 250 ## - EDITION STATEMENT |
| Edition statement |
1st ed. |
| 260 ## - PUBLICATION, DISTRIBUTION, ETC. |
| Place of publication, distribution, etc. |
Milan : |
| Name of publisher, distributor, etc. |
Skira ; |
| Place of publication, distribution, etc. |
New York, NY : |
| Name of publisher, distributor, etc. |
Distributed by Rizzoli, |
| Date of publication, distribution, etc. |
2009. |
| 300 ## - PHYSICAL DESCRIPTION |
| Extent |
239 p. : |
| Other physical details |
ill. (chiefly col.) ; |
| Dimensions |
29 cm. |
| 504 ## - BIBLIOGRAPHY, ETC. NOTE |
| Bibliography, etc. note |
Includes bibliographical references (p.238-239). |
| 505 0# - FORMATTED CONTENTS NOTE |
| Formatted contents note |
Pushing the envelope: Daylight Museum ; Shiba Ryotaro Memorial Museum -- A museum integrated into the environment: Chikatsu-Asuka Historical Museum ; Sayamike Historical Museum -- Creative dialogue between architecture and the arts: Modern Art Museum of Fort Worth ; Pulitzer Foundation for the Arts ; Langen Foundation / Hombroich -- A museum that stimulates the urban memory: Palazzo Grassi Renovation ; Punta della Dogana Renovation ; Teatrino -- A museum that grows beyond its boundaries: Benesse House Museum ; Benesse House Oval ; Minamidera (Art House Project) ; Chichu Art Museum -- Guerrilla Museum / Luca Molinari. |
| 600 10 - SUBJECT ADDED ENTRY--PERSONAL NAME |
| Personal name |
Andō, Tadao, |
| Dates associated with a name |
1941- |
| 650 #0 - SUBJECT ADDED ENTRY--TOPICAL TERM |
| Topical term or geographic name entry element |
Museum architecture |
| Chronological subdivision |
20th century |
| Form subdivision |
Designs and plans. |
| 650 #0 - SUBJECT ADDED ENTRY--TOPICAL TERM |
| Topical term or geographic name entry element |
Architecture, Modern |
| Chronological subdivision |
20th century |
| Form subdivision |
Designs and plans. |
| 650 #0 - SUBJECT ADDED ENTRY--TOPICAL TERM |
| Topical term or geographic name entry element |
Museum buildings |
| Form subdivision |
Designs and plans. |
| 650 07 - SUBJECT ADDED ENTRY--TOPICAL TERM |
| Topical term or geographic name entry element |
Museumsbau. |
| Source of heading or term |
swd |
| 655 #7 - INDEX TERM--GENRE/FORM |
| Genre/form data or focus term |
Bildband. |
| Source of term |
swd |
| 700 1# - ADDED ENTRY--PERSONAL NAME |
| Personal name |
Molinari, Luca. |
| 776 08 - ADDITIONAL PHYSICAL FORM ENTRY |
| Relationship information |
Online version: |
| Main entry heading |
Andō, Tadao, 1941- |
| Title |
Tadao Ando. |
| Edition |
1st ed. |
| Place, publisher, and date of publication |
Milan : Skira ; New York, NY : Distributed by Rizzoli, 2009 |
| Record control number |
(OCoLC)618842769 |
| 856 ## - ELECTRONIC LOCATION AND ACCESS |
| Uniform Resource Identifier |
<a href="http://bvbm2.bib-bvb.de:8993/F?func=service&doc_library=BVB01&doc_number=018653110&line_number=0001&func_code=DB_RECORDS&service_type=MEDIA">http://bvbm2.bib-bvb.de:8993/F?func=service&doc_library=BVB01&doc_number=018653110&line_number=0001&func_code=DB_RECORDS&service_type=MEDIA</a> |
| Public note |
Inhaltsverzeichnis |
| 856 42 - ELECTRONIC LOCATION AND ACCESS |
| Materials specified |
Contributor biographical information |
| Uniform Resource Identifier |
<a href="http://www.loc.gov/catdir/enhancements/fy1013/2010279669-b.html">http://www.loc.gov/catdir/enhancements/fy1013/2010279669-b.html</a> |
| 856 42 - ELECTRONIC LOCATION AND ACCESS |
| Materials specified |
Publisher description |
| Uniform Resource Identifier |
<a href="http://www.loc.gov/catdir/enhancements/fy1013/2010279669-d.html">http://www.loc.gov/catdir/enhancements/fy1013/2010279669-d.html</a> |
| 942 ## - ADDED ENTRY ELEMENTS (KOHA) |
| Source of classification or shelving scheme |
|
| Koha item type |
Book |